000 01938nam0a2200325 4500
001 RU\NLR\bibl\1334452
005 20250615164638.0
010 _a978-5-89070-632-4
_9300
021 _aRU
_b2008-107464
_96336
035 _a(NLR Aleph) 001319660
090 _a731687
_c731687
100 _a20090302d2008 |||y0rusy50 ca
101 0 _arus
102 _aRU
105 _aa |||||||||
200 1 _aПожарная безопасность горных предприятий
_eучебное пособие
_eдля студентов вузов, обучающихся по направлению "Горное дело" и по специальности "Безопасность технологических процессов и производств (горная промышленность)" направления подготовки "Безопасность жизнедеятельности"
_fВ.А. Портола
_gФедерал. агентство по образованию, Гос. образоват. учреждение высш. проф. образования "Кузбас. гос. техн. ун-т"
210 _aКемерово
_cГУ КузГТУ
_d2008
215 _a157 с.
_cил.
_d20
320 _aБиблиогр.: с. 156-157 (17 назв.)
606 1 _aРудники
_jУчебные издания для высших учебных заведений
_xПожарная охрана
_92379612
_3RU\NLR\auth\661419853
606 1 _aРудничные пожары
_jУчебные издания для высших учебных заведений
_xБорьба с ними
_9910177
_3RU\NLR\auth\66332219
686 _aИ183.8я73-1
700 1 _aПортола
_bВ. А.
_gВячеслав Алексеевич
_4070
801 0 _aRU
_bNLR
_c20090302
_gRCR
801 1 _aRU
_bNLR
_c20090302
830 _aавт. по кн.
942 _cBOOK
980 _aNB
980 _aNBR